Drop a K Quiz Stats

 Plays Quiz Updated Dec 24, 2015

Score 0/15 Timer 03:00
5 Plays Today
% Correct
CASKED
95.1%
CLONKING
92.2%
HONKED
91.8%
CHICK
90.5%
SKEWER
87.2%
LACKING
86.8%
PUNKINESS
73.7%
DEBARK
73.5%
% Correct
MILKER
67.7%
KINKY
66.9%
KNAVES
63.7%
STALKER
60.1%
BLOCKS
56.4%
KNICKERS
48.2%
CAULK
42.5%

You're not logged in!

Compare scores with friends on all Sporcle quizzes.
OR
Log In

Show Comments

Extras

Top Quizzes Today


Score Distribution

Your Account Isn't Verified!

In order to create a playlist on Sporcle, you need to verify the email address you used during registration. Go to your Sporcle Settings to finish the process.

Report this User

Report this user for behavior that violates our Community Guidelines.

Details: